Detalles MARC
| 000 -CABECERA |
| Longitud fija campo de control |
02115nam a2200457 i 4500 |
| 003 - • IDENTIFICADOR DELl NÚMERO DE CONTROL |
| Identificador del número de control |
CO-BoRNBP |
| 005 - • FECHA Y HORA DE LA ÚLTIMA TRANSACCIÓN |
| Fecha y hora de la última transacción |
20230418163438.0 |
| 007 - • CAMPO FIJO DE DESCRIPCIÓN FÍSICA |
| Campo fijo de descripción física |
ta |
| 008 - • CÓDIGOS DE INFORMACIÓN DE LONGITUD FIJA |
| Códigos de información de longitud fija |
220922s2022 ck ao e 000 0dspa d |
| 020 ## - • NÚMERO INTERNACIONAL NORMALIZADO PARA LIBROS |
| Número Internacional Normalizado para Libros (ISBN) |
9786287542006 |
| Información calificativa |
(Obra completa) |
| 020 ## - • NÚMERO INTERNACIONAL NORMALIZADO PARA LIBROS |
| Número Internacional Normalizado para Libros (ISBN) |
9786287542013 |
| Información calificativa |
(volumen 1) |
| 020 ## - • NÚMERO INTERNACIONAL NORMALIZADO PARA LIBROS |
| Número Internacional Normalizado para Libros (ISBN) |
9786287542020 |
| Información calificativa |
(volumen 2) |
| 020 ## - • NÚMERO INTERNACIONAL NORMALIZADO PARA LIBROS |
| Número Internacional Normalizado para Libros (ISBN) |
9786287542037 |
| Información calificativa |
(volumen 3) |
| 020 ## - • NÚMERO INTERNACIONAL NORMALIZADO PARA LIBROS |
| Número Internacional Normalizado para Libros (ISBN) |
9786287542044 |
| Información calificativa |
(volumen 4) |
| 020 ## - • NÚMERO INTERNACIONAL NORMALIZADO PARA LIBROS |
| Número Internacional Normalizado para Libros (ISBN) |
9786287542051 |
| Información calificativa |
(volumen 5) |
| 020 ## - • NÚMERO INTERNACIONAL NORMALIZADO PARA LIBROS |
| Número Internacional Normalizado para Libros (ISBN) |
9786287542068 |
| Información calificativa |
(volumen 6) |
| 040 ## - FUENTE DE LA CATALOGACIÓN |
| Centro catalogador de origen |
CO-BoBN |
| Lengua de catalogación |
spa |
| Normas de descripción |
rda |
| Centro transcriptor |
CO-BoBN |
| 043 ## - CÓDIGO DE ÁREA GEOGRÁFICA |
| Código de área geográfica |
s-ck--- |
| 082 04 - • NÚMERO DE LA CLASIFICACIÓN DECIMAL DEWEY |
| Número de clasificación (R) |
923.1861 |
| Número del ítem |
C65j |
| Número de edición |
22 |
| 110 1# - • PUNTO DE ACCESO PRINCIPAL-NOMBRE DE ENTIDAD CORPORATIVA |
| Nombre de entidad corporativa o nombre de jurisdicción como elemento inicial |
Colombia |
| Unidad subordinada |
Presidencia de la República |
| 245 10 - • TITULO PROPIAMENTE DICHO |
| Título |
Julio César Turbay Ayala |
| Mención de responsabilidad, etc. |
Presidencia de la República de Colombia ; coordinación editorial Juan David Giraldo Segura ; selección de textos Alberto Pérez López |
| 250 ## - • MENCIÓN DE EDICIÓN |
| Mención de edición |
Primera edición |
| 264 #1 - PRODUCCIÓN, PUBLICACIÓN , DISTRIBUCIÓN, FABRICACIÓN Y COPYRIGHT |
| Lugar de producción, publicación, distribución, fabricación |
Bogotá, Colombia |
| Nombre del productor, editor, distribuidor, fabricante |
Villegas Editores |
| Fecha de de producción, publicación, distribución, fabricación o copyright |
2022 |
| 300 ## - • DESCRIPCIÓN FÍSICA |
| Extensión |
1 caja (6 volumenes) |
| Otras características físicas |
ilustraciones, fotografías en blanco y negro |
| Dimensiones |
24 cm |
| 336 ## - TIPO DE CONTENIDO |
| Término de tipo de contenido |
texto |
| Código de tipo de contenido |
txt |
| Fuente |
rdacontent |
| 337 ## - TIPO DE MEDIO |
| Nombre del tipo de medio |
sin mediación |
| Código del tipo de medio |
n |
| Fuente |
rdamedia |
| 338 ## - TIPO DE SOPORTE |
| Nombre del tipo de soporte |
volumen |
| Código del tipo de soporte |
nc |
| Fuente |
rdacarrier |
| 500 ## - • NOTA GENERAL |
| Nota general |
Edición conmemorativa al primer centenario 1926-2016 |
| 500 ## - • NOTA GENERAL |
| Nota general |
El bolsillo y la fecha correspondientes a la obra, se encuentran en el primer volumen |
| 504 ## - • NOTA DE BIBLIOGRAFÍA, ETC |
| Nota de bibliografía, etc. |
Incluye referencias bibliográficas |
| 505 0# - • NOTA DE CONTENIDO CON FORMATO |
| Información varia (R ) |
Volumen 1. |
| Título (R ) |
Dimensión humana -- |
| Información varia (R ) |
Volumen 2. |
| Título (R ) |
El camino político -- |
| Información varia (R ) |
Volumen 3. |
| Título (R ) |
Su presidencia -- |
| Información varia (R ) |
Volumen 4. |
| Título (R ) |
Tarea internacional -- |
| Información varia (R ) |
Volumen 5. |
| Título (R ) |
Notas biográficas -- |
| Información varia (R ) |
Volumen 6. |
| Título (R ) |
El expresidente |
| 521 ## - • NOTA DE PÚBLICO DESTINATARIO |
| Nota público destinatario (R ) |
Recomendado para un público adulto |
| 545 ## - DATOS BIOGRÁFICOS O HISTÓRICOS |
| Datos bigr´ficos o históricos |
Incluye datos biográficos |
| 600 14 - • PUNTO DE ACCESO ADICIONAL DE MATERIA - NOMBRE DE PERSONA |
| Nombre de persona |
Turbay Ayala, Julio Cesar |
| Fechas asociadas al nombre |
1916-2005 |
| Subdivisión de materia general (R ) |
Biografías |
| 650 17 - • PUNTO DE ACCESO ADICIONAL DE MATERIA - TÉRMINO DE MATERIA |
| Término de materia o nombre geográfico como elemento inicial |
Presidentes |
| Subdivisión de materia general |
Colección de escritos |
| Subdivisión geográfica |
Colombia |
| Subdivisión cronológica |
Siglo XX |
| Fuente del encabezamiento o término |
LEMB |
| 650 17 - • PUNTO DE ACCESO ADICIONAL DE MATERIA - TÉRMINO DE MATERIA |
| Término de materia o nombre geográfico como elemento inicial |
Políticos colombianos |
| Subdivisión cronológica |
Siglo XX |
| Fuente del encabezamiento o término |
LEMB |
| 650 17 - • PUNTO DE ACCESO ADICIONAL DE MATERIA - TÉRMINO DE MATERIA |
| Término de materia o nombre geográfico como elemento inicial |
Diplomáticos |
| Subdivisión geográfica |
Colombia |
| Subdivisión cronológica |
Siglo XX |
| Fuente del encabezamiento o término |
LEMB |
| 700 1# - • PUNTO DE ACCESO ADICIONAL - NOMBRE DE PERSONA |
| Nombre de persona |
Giraldo Segura, Juan David |
| Término indicativo de función |
coordinador editorial |
| 700 1# - • PUNTO DE ACCESO ADICIONAL - NOMBRE DE PERSONA |
| Nombre de persona |
Pérez López, Alberto |
| Término indicativo de función |
selección de textos |
| 942 ## - ENTRADA DE ELEMENTOS AGREGADOS (KOHA) |
| Fuente de clasificaión o esquema |
Dewey Decimal Classification |
| Koha [por defecto] tipo de item |
LIbro |